| 000 | 00816nam a22001817a 4500 | ||
|---|---|---|---|
| 003 | OSt | ||
| 005 | 20260418090749.0 | ||
| 008 | 260418b |||||||| |||| 00| 0 eng d | ||
| 040 | _c0 | ||
| 082 | _aDPer 796.07 St822 September-December 2015 v.28 n.5-6 January-October 2016 v.29 n.1-5 | ||
| 100 |
_aParish, Anthony. _eauthor. _970638 |
||
| 245 |
_aUsing Immersion as a Teaching Method to Develop an Understanding, Appreciation and Empathy for Special Needs Population / _cAnthony Parish. |
||
| 260 |
_aAnnapolis Junction, Maryland, U.S.A. : _bSHAPE America (Society of Health and Physical Educators) ; _cMay/June 2016. |
||
| 300 |
_avolume 29, pages 45-47 : _billustration ; _c27cm. |
||
| 500 | _aStrategy, vol. 29, no. 3, pages 45-47, May-June 2016. | ||
| 700 |
_aParish, Anthony. _eauthor. _970638 |
||
| 942 |
_2ddc _cPER |
||
| 999 |
_c24629 _d24629 |
||